LEADER 00983nam0-2200325---450- 001 990009618690403321 005 20140416162555.0 010 $a88-14-17313-3 035 $a000961869 035 $aFED01000961869 035 $a(Aleph)000961869FED01 035 $a000961869 100 $a20120912d2011----km-y0itay50------ba 101 0 $aita 102 $aIT 105 $ay-------001yy 200 1 $a<>intese tra le regioni$fAlessandro Sterpa 210 $aMilano$cGiuffrè$dc2011 215 $aXI, 406$d24 cm 225 1 $aPubblicazioni del Dipartimento di teoria dello Stato dell'Università degli studi di Roma La Sapienza. Biblioteca di diritto pubblico Egidio Tosato$v13 610 0 $aRegioni 676 $a342$v20$zita 700 1$aSterpa,$bAlessandro$0517503 801 0$aIT$bUNINA$gRICA$2UNIMARC 901 $aBK 912 $a990009618690403321 952 $aXIII A 90$b8070$fDDCIC 959 $aDDCIC 996 $aIntese tra le regioni$9849566 997 $aUNINA LEADER 01725nas 2200433 n 450 001 990008918530403321 005 20240229084448.0 011 $a0143-1404 035 $a000891853 035 $aFED01000891853 035 $a(Aleph)000891853FED01 035 $a000891853 091 $2CNR$aP 00063603 100 $a20161109a19809999km-y0itaa50------ba 101 0 $aeng 102 $aGB 110 $aauu-------- 200 1 $aBiocontrol news and information 207 1$a1980- 210 $aLondon$cCommonwealth Agricultural Bureaux 326 $aTrimestrale 517 0 $aBiocontrol news & information 530 0 $aBiocontrol news and information 675 $a580 675 $a590 675 $a573 676 $a571.7 676 $a016.63296 712 02$aCommonwealth Agricultural Bureaux 801 0$aIT$bACNP$c20090723 859 4 $uhttp://acnp.cib.unibo.it/cgi-ser/start/it/cnr/dc-p1.tcl?catno=42256&person=false&language=ITALIANO&libr=&libr_th=unina1$zBiblioteche che possiedono il periodico 901 $aSE 912 $a990008918530403321 958 $aBiblioteca del Dipartimento di Entomologia e Zoologia Agraria dell'Università degli Studi di Napoli Federico II$b1980-1982;$fDAGEN 959 $aDAGEN 996 $aBiocontrol news and information$9799242 997 $aUNINA AP1 8 $6866-01$aNA219 Biblioteca del Dipartimento di Entomologia e Zoologia Agraria dell'Università degli Studi di Napoli Federico II$eVia Università, 100, 80055 Portici (NA)$m0812539188$m0817755145$nit AP2 40$aacnp.cib.unibo.it$nACNP Italian Union Catalogue of Serials$uhttp://acnp.cib.unibo.it/cgi-ser/start/it/cnr/df-p.tcl?catno=42256&language=ITALIANO&libr=&person=&B=1&libr_th=unina&proposto=NO